Sudden Death -dont click the wrong one - Statistics

General Stats
  • This quiz has been taken 8,494 times
  • The average score is 7 of 27
Answers on the Grid
Answers color-coded by a green-red scale on the quiz's grid according to % correct below.
.
.
.
.
.
.
.
.
.
.
.
.
.
.
.
.
.
.
.
.
.
.
.
.
.
.
.
.
.
.
 
Answer Stats
Answer % Correct
.
28%
.
28%
.
28%
.
28%
.
28%
.
28%
.
28%
.
28%
.
27%
.
27%
.
27%
.
27%
.
27%
.
27%
.
27%
.
27%
.
27%
.
27%
.
27%
.
27%
.
27%
.
26%
.
26%
.
26%
.
26%
.
26%
.
25%
No matching quizzes found
Score Distribution
Percent of People with Each Score
Percentile by Number Answered
Your Score History
You have not taken this quiz